000 02005nam a2200205 a 4500
001 000045733
005 20201002052419.0
008 150508s2015 dr ad 000 0 spa d
020 _a9789945423303
040 _aDO-SdBNP
_bspa
_cBNPHU
082 _axxxx
_bxxxx
111 1 _aJornada Científica Universidad-Empresa-Desarrollo
_n(1a.
_d2012 :
_cSanto Domingo, República Dominicana )
_973789
245 1 0 _aPrimera jornada científica Universidad-Empresa-Desarrollo 2012 :
_bprofesores y profesoras gestando conocimientos /
_cEditor: Aida Roca, Matías Bosch.
260 _aSanto Domingo :
_bUniversidad APEC,
_c2015.
300 _a156 p. :
_bil. ;
_c22 cm.
504 _aBibliografía : p. 149-150
505 0 _aLa motivación de los estudiantes de término de Ingeniería Industrial en la asignatura Tópicos Especiales de Ingeniería Industrial /
_rAna C. Batista Guzmán --
_tDebilidades en los procesos cognitivos de síntesis, conceptualización, análisis, interpretación y resolución de problemas en estudiantes de la Maestría en Administración Financiera /
_rCarlos Francisco Contreras Núñez --
_tImpuesto, equidad fiscal y presión tributaria en República Dominicana, 2009-2011 /
_rGermania Grullón y Pedro Julio Garabol Maggiolo --
_tExperiencia pedagógica de una asignatura semipresencial de Ciencias Económicas y Empresariales en la Universidad APEC (UNAPEC) /
_rPatria Péña Rodríguez --
_tMejoramiento de la competencia toma de decisiones en directivos empresariales a través de la formación de posgrado: experiencias y propuestas en la Universidad APEC /
_rRaynelda V. del Carmen Pimentel Piña y Jorge García Batán --
_tLimitaciones en la asimilación de patrones rítmicos de los estudiantes de la clase de Danza Folklórica de UNAPEC /
_rJohanna Poche --
_tEstrategia para el desarrollo de la habilidad de procesar información en la asignatura Gestión de Negocios de UNAPEC /
_rJulia A. Suncar Morales --
700 1 2 _aRoca, Aida,
_eed.
_973790
700 1 2 _aBosch, Matías,
_eed.
_972665
999 _c45222
_d45222